Heterogeneidad cultural latinoamericana y nueva novela en la narrativa de José María Arguedas, Miguel Angel Asturias, Alejo Carpentier, Augusto Roa Bastos

Gespeichert in:
Bibliographische Detailangaben
1. Verfasser: Miranda Sollorenzo, Manuel
Format: Buch
Sprache:Undetermined
Veröffentlicht: Hamburgo, Alemania Universidad de Hamburgo 1986
Schlagworte:
Tags: Tag hinzufügen
Keine Tags, Fügen Sie den ersten Tag hinzu!

MARC

LEADER 00000nam a2200000Ia 4500
008 170316s9999 xx 000 0 und d
040 |a cru BVZT 
090 |a C-860 M-1.1h 
100 |a Miranda Sollorenzo, Manuel 
245 |a Heterogeneidad cultural latinoamericana y nueva novela en la narrativa de José María Arguedas, Miguel Angel Asturias, Alejo Carpentier, Augusto Roa Bastos 
260 |a Hamburgo, Alemania 
260 |b Universidad de Hamburgo 
260 |c 1986 
300 |a 232 páginas 
650 |a LITERATURA LATINOAMERICANA 
650 |a CRÍTICA 
999 |c 13041  |d 13041 
942 |c 15 D  |h C-860 M-1.1h  |2 z